00546nam a22001937a 4500003000500000005001700005008004100022010001000063011001000073035001000083040000900093100002600102245002400128260011500152300001900267490002800286650001200314830002600326CHAP20220329141139.0971010s1975 r 00010 d a63397 a64369 a69678 cCHAP00aJoseph Nathan, Pedro.1 aAnálisis óptico aMéxico, D.F. :bAsociación Nacional de Universidades e Institutos de Enseñanza Superior. México,c1975 a63 p.b: ilus. aANUIES. Temas básicos14aOptica.0 aANUIES. Temas basicos